Word Ladder: MythBusters Quiz Stats

 Plays Quiz Updated Sep 23, 2015

Challenge
Share
Tweet
Embed
Score 0/48 Timer 05:00
0 Plays Today
Hint 4-Letter Word % Correct
Unwanted plantWEED
94.9%
Butcher's offeringMEAT
94.8%
Vehicle behind a husky teamSLED
94.3%
* MythBusters Episode: Poppy ---- Drug Test **SEED*
93.6%
RendezvousMEET
93.4%
Good ---- HuntingWILL
93.2%
China has a great oneWALL
93%
Idle chatter or small ----TALK
93%
* MythBusters Episode: ---- a Straight Line **WALK*
92.5%
Cost of a bus rideFARE
92.4%
Used a firehouse poleSLID
92.1%
* MythBusters Episode: Star Wars: The Myths Strike ---- **BACK*
92%
* MythBusters Episode: Wet and ---- **WILD*
91.8%
Walk back and forthPACE
91.4%
* MythBusters Episode: Star ----: Revenge of the Myth **WARS*
91.1%
Salsa specificationMILD
90.3%
* MythBusters Episode: Shark ---- 2008 **WEEK*
90%
* MythBusters Episode: Mission Impossible ---- Off **FACE*
89.7%
Mild-manneredMEEK
89.7%
* MythBusters Episode: Jet ---- **PACK*
89.3%
* MythBusters Episode: Supersonic ---- Pong / Ice Cannon **PING*
89.3%
Piece of merchandiseWARE
89.3%
Falls behindLAGS
88.6%
Arithmetic is one branch of this fieldMATH
88.2%
Hint 4-Letter Word % Correct
Target for Bonnie and ClydeBANK
88%
* MythBusters Episode: No Pain No Gain, Propane ---- Rocket **TANK*
87.2%
* Theme of this Word Ladder: ----Busters **MYTH*
86.9%
A win in chessMATE
85.7%
Aromatic herb or wise personSAGE
84.9%
Poker Face singerGAGA
84.6%
* MythBusters Episode: Road ---- **RAGE*
84.6%
Sitcoms often feature running ----GAGS
84%
Pub servingPINT
83.5%
* MythBusters Episode: ---- Control **MIND*
83.1%
* MythBusters Episode: ---- Dynasty Astronaut **MING*
83.1%
The speed at which something moves or changesRATE
82.2%
* MythBusters Episode: Banana ----, Double Dip **SLIP*
81.5%
Envelope partFLAP
81.3%
* MythBusters Episode: Seesaw ---- **SAGA*
77.6%
Confined, with 'up'PENT
77.4%
Cookie holdersJARS
76.2%
* MythBusters Episode: Motorcycle ---- **FLIP*
74.5%
* MythBusters Episode: ---- the Radar Detector **BEAT*
72.7%
* MythBusters Episode: Red ---- to a Bull **FLAG*
69%
Destructive insectPEST
66.7%
* MythBusters Episode: ---- of Attraction **LAWS*
66.5%
* MythBusters Episode: ---- Explosions **BEST*
61.3%
* MythBusters Episode: ---- Special **JAWS*
59.1%

Today's Daily Dose

You're not logged in!

Compare scores with friends on all Sporcle quizzes.
OR
Log In

You Might Also Like...

Show Comments

Extras

Top Quizzes Today


Score Distribution

Your Account Isn't Verified!

In order to create a playlist on Sporcle, you need to verify the email address you used during registration. Go to your Sporcle Settings to finish the process.

Report this User

Report this user for behavior that violates our Community Guidelines.

Details: